000
00213nam a2200085Ia 4500
008
120527s9999 xx 000 0 und d
100
_a
Roesel, E.
245
_a
Immunology : a self-instructional approach
942
_c
BK
999
_c
27350
_d
27350